| 000 | 00760nam a2200169 4500 | ||
|---|---|---|---|
| 008 | 240212b |||||||| |||| 00| 0 eng d | ||
| 020 | _a9789551770150 | ||
| 082 |
_a305.4 _bWOM |
||
| 245 |
_aWomen claiming rights : using normative frameworks of UNSCR 1325 & CEDAW : study on women affected by conflict in post war Sri Lanka : _bselected cases of marginalisation and poverty; female headed households; female ex-combatants; land rights and domestic violence |
||
| 260 |
_aColombo: _bThe Women and Media Collective, _c2014 |
||
| 300 | _av, 59 p. : maps (chiefly color) ; 30 cm | ||
| 650 | _a Women's rights--Sri Lanka | ||
| 650 | _aWomen and war--Sri Lanka | ||
| 650 | _aSri Lanka--History--Civil War | ||
| 710 | _a Women and Media Collective | ||
| 942 | _cRP | ||
| 999 |
_c4743 _d4743 |
||